000
00278nam a2200121Ia 4500
008
190216s9999||||xx |||||||||||||| ||und||
100
_a
Ronald Millar
245
4
_a
The Masters
260
_b
Macmillan India Ltd
_c
1991
300
_a
137p
650
_a
English Drama
942
_c
BK
999
_c
13600
_d
13600